000 00650nam a2200217Ia 4500
005 20250508161638.0
008 008 250505s9999 xx 000 0 eng d
037 _aTextual
040 _aFEDL
_beng
_cFEDL
041 _aeng
_2eng
084 _a510, RIE
_qFEDL
100 _aRiedesel C Alan
_9771167
245 0 _aEssential modern mathematics: A socially relevant curriculum , Book B
260 _aBoston, USA
_bGinn and Company
_c1970
300 _a377p
546 _aTeachers' edition
650 _aMathematics
700 _a Suydam Marilyn Glennon Vincent J
_9771168
942 _cTEXL
_h510, RIE
999 _c1371305
_d1371305